Plamen. Roč. 3, č. 1-12, 1961
| Format: | Book |
|---|---|
| Language: | Undetermined |
| Published: |
Praha
SČS
1961
|
MARC
| LEADER | 00000nam a2200000 a 4500 | ||
|---|---|---|---|
| 001 | vtls001352378 | ||
| 003 | SK-MaSNL | ||
| 005 | 20260224111044.0 | ||
| 008 | 990113s1961 xx 0 und | ||
| 035 | |a SNK000305759 | ||
| 040 | |a SNK |b slo |c SNK |e AACR2 | ||
| 245 | 1 | |a Plamen. Roč. 3, č. 1-12, 1961 | |
| 260 | |a Praha |b SČS |c 1961 | ||
| 999 | |c 978166 |d 980096 | ||
| 952 | |t č. 1-12 |a SNK |b SNK |y PREZ |7 0 |p 17A0176628 |o snkČC 1867/1961/1 |0 0 |1 1 |4 0 |d 1999-01-13 |l 0 |r 2005-01-02 00:00:00 |w 2026-02-24 | ||


